02110nam a22003137a 450000500170000000800410001702000180005804000240007604100080010004400070010808200160011524502080013126000940033930000730043350400520050650504350055865000480099365000460104165000410108770000520112870000530118070000490123371000940128270000460137694200150142299900150143795201720145295201720162420180803165631.0080515s2008 ck abd r 000 0 spa d a9789587160888 aCO-BoPUJcCO-BoIAVH0 aspa ack04a574.5bB27e10aExperiencias de restauración ecológica en Colombia:bentre la sucesión y los disturbios / ceditado por José Ignacio Barrera Cataño, Mauricio Aguilar Garavito y Diana Catalina Rondón Camacho. aBogotá:bPontificia Universidad Javeriana, Escuela de Restauración Ecológicac2008. a272 p.bilustraciones, diagramas, gráficas, mapas y tablasc24 cm. aIncluye referencias bibliográficas (pag. 272) aConceptos básicos par ala restauración ecológica (pag. 21). Herramientas para la restauración ecológica (pag. 49). Experiencias de restauración ecológica en canteras y suelos degradados (pag. 135). Experiencias de restauración ecológica en cuencas y humedales afectados por uso agropecuario y descargas orgánicas (pag. 169). El conocimiento tradicional en la restauración de ecosistemas degradados (pag, 249)14aRestauración ecológicazColombia93320614aHerramientas de manejo del paisaje99248924aGestión ambientalzColombia9332081 aBarrera Cataño, José Iganciodeditor9332091 aRondón Camacho, Diana Catalinadeditora9332111 aRivera Rondón, Carlosdfotografía9332122 aPontificia Universidad JaverianabFacultad de CienciasbDepartamento de Biología9332131 933210aAguilar-Garavito, Mauriciodeditor 2ddccLIBRO c9075d9075 00102ddc40708GENERALIINV2017aBogotabBogotad2015-03-03eInstitutog39000.00l0oLB-574.5 B27ep038815r2015-03-03 00:00:00tEj. 1w2015-03-03xDonaciónyLIBRO 00102ddc40708GENERALIINV2017aVenadobVenadod2015-03-03eInstitutog39000.00l0oLB-574.5 B27ep026552r2015-03-03 00:00:00tEj. 2w2015-03-03xDonaciónyLIBRO